L'Histoire en 10 questions #2 - Statistiques

Statistiques générales
  • Ce quiz a été pris 82 fois
  • Le résultat moyen est 5 sur 10
Statistiques - réponses
Question Réponse % Correct
Quel roi français est surnommé "le Roi Soleil" ? Louis XIV
100%
Quel pays a fait construire la Grande Muraille ? Chine
97%
Quel empire contrôlait une grande partie de l’Europe de l’Est avant sa chute en 1991 ? Union Soviétique
94%
Qui était le premier empereur de France ? Napoléon Bonaparte
78%
Quel peuple de l’Antiquité a inventé la démocratie à Athènes ? Les Grecs
62%
Quel traité a mis fin à la Première Guerre mondiale ? Traité de Versailles
54%
Quelle révolution a renversé la monarchie russe en 1917 ? Révolution Bolchévique
35%
Quel événement a déclenché la guerre de Succession d’Espagne en 1701 ? Mort de Charles II
21%
Quel roi d'Angleterre a été décapité en 1649 pendant la guerre civile anglaise ? Charles Ier
5%
Qui était Toussaint Louverture ? Chef de la révolution haïtienne
1%
Aucun quiz correspondant
Distribution des résultats
% des personnes avec chaque résultat
Percentile par nombre de réponses
Votre historique - résultats
Vous n’avez pas pris ce quiz